01557nam a2200361 a 4500001001200000003000800012006001900020007001500039008004100054010001700095020001800112020002700130040002100157035002100178050003000199100001600229245014100245260004000386300004800426500004500474500002000519505017000539533015200709630004700861650003400908655002900942700002000971700002300991700002101014710001701035856012601052999001701178ebr10662589CaPaEBRm u cr cn|||||||||130307s2013 inuac s 001 0 eng d z 2012955721 z9781118495841 z9781118495865 (e-book) aCaPaEBRcCaPaEBR a(OCoLC)82879364914aTK5105.875.I6bF69 2013eb1 aFox, Steve.10aBeginning SharePoint 2013 developmenth[electronic resource] /cSteve Fox, Chris Johnson, Donovan Follette ; [edited by Andrew Connell]. aIndianapolis, Ind. :bWiley,c2013. axxix, 425 p. :bill. (chiefly col.), ports. aOn cover: Wrox programmer to programmer. aIncludes index.0 apt. 1. Getting started with SharePoint 2013 -- pt. 2. Fundamental SharePoint 2013 development building blocks -- pt. 3. Advanced developer topics in SharePoint 2013. aElectronic reproduction.bPalo Alto, Calif. :cebrary,d2013.nAvailable via World Wide Web.nAccess may be limited to ebrary affiliated libraries.00aMicrosoft SharePoint (Electronic resource) 0aIntranets (Computer networks) 7aElectronic books.2local1 aJohnson, Chris.1 aFollette, Donovan.1 aConnell, Andrew.2 aebrary, Inc.40uhttp://site.ebrary.com/lib/rucke/Doc?id=10662589zAn electronic book accessible through the World Wide Web; click to view c69916d69916